El ocaso de un rey : (Registro nro. 11278)

Detalles MARC
000 -LEADER
fixed length control field 01108nam a2200277 i 4500
003 - CONTROL NUMBER IDENTIFIER
control field IT-RoINE
005 - DATE AND TIME OF LATEST TRANSACTION
control field 20230417140601.0
008 - FIXED-LENGTH DATA ELEMENTS--GENERAL INFORMATION
fixed length control field 011026s2001 sp | r ||1 | spa d
020 ## - INTERNATIONAL STANDARD BOOK NUMBER
International Standard Book Number 8473924789
040 ## - CATALOGING SOURCE
Original cataloging agency SpMaBN
Transcribing agency SpMaBN IT-RoINE
100 1# - MAIN ENTRY--PERSONAL NAME
9 (RLIN) 2769
Personal name Tellechea Idígoras, José Ignacio,
Dates associated with a name 1928-2008
245 13 - TITLE STATEMENT
Title El ocaso de un rey :
Remainder of title Felipe II visto desde la nunciatura de Madrid : 1594-1598 /
Statement of responsibility, etc J. Ignacio Tellechea Idígoras.
260 ## - PUBLICATION, DISTRIBUTION, ETC. (IMPRINT)
Place of publication, distribution, etc Madrid :
Name of publisher, distributor, etc Fundación Universitaria Española,
Date of publication, distribution, etc 2001.
300 ## - PHYSICAL DESCRIPTION
Extent 351 p. ;
Dimensions 24 cm.
336 ## - CONTENT TYPE
Source rdacontent
Content type term text
337 ## - MEDIA TYPE
Source rdamedia
Media type term unmediated
338 ## - CARRIER TYPE
Source rdacarrier
Carrier type term volume
490 1# - SERIES STATEMENT
Series statement Monografías ;
Volume number/sequential designation 79
500 ## - GENERAL NOTE
General note Incluye índice.
600 00 - SUBJECT ADDED ENTRY--PERSONAL NAME
Personal name Felipe
Numeration II,
Titles and other words associated with a name Rey de España,
Dates associated with a name 1527-1598
9 (RLIN) 9965
610 24 - SUBJECT ADDED ENTRY--CORPORATE NAME
9 (RLIN) 9954
Corporate name or jurisdiction name as entry element Iglesia Católica
General subdivision Relaciones diplomáticas
Geographic subdivision España
Chronological subdivision Siglo 16o.
651 #0 - SUBJECT ADDED ENTRY--GEOGRAPHIC NAME
9 (RLIN) 9955
Geographic name España
General subdivision Relaciones diplomáticas
-- Iglesia Católica
Chronological subdivision Siglo 16o.
651 #4 - SUBJECT ADDED ENTRY--GEOGRAPHIC NAME
9 (RLIN) 23063
Geographic name España
General subdivision Historia
Chronological subdivision 1556-1598 (Felipe II)
General subdivision Fuentes
830 #0 - SERIES ADDED ENTRY--UNIFORM TITLE
9 (RLIN) 2631
Uniform title Monografías (Fundación Universitaria Española) ;
Volume number/sequential designation 79
942 ## - ADDED ENTRY ELEMENTS (KOHA)
Item type Monografías
Existencias
Withdrawn status Lost status Damaged status Not for loan Home library Current library Date acquired Total Checkouts Full call number Barcode Date last seen Date last borrowed Price effective from Koha item type
        Iglesia Nacional Española en Roma Iglesia Nacional Española en Roma 24/03/2016 1 HIS.ESP.3. 724 22928 29/07/2016 19/05/2016 24/03/2016 Monografías